| 000 | 00520nam a22001697a 4500 | ||
|---|---|---|---|
| 003 | OSt | ||
| 005 | 20140428083756.0 | ||
| 008 | 140428b xxu||||| |||| 00| 0 eng d | ||
| 020 | _a0030094259 | ||
| 050 |
_aD 53.A2 _b.Se464 1957 |
||
| 245 |
_aSelections from greek and roman historians / _cedited with an introduction by Charles Alexander Robinson, Jr. |
||
| 260 |
_aNew York : _bHolt, Rinehart and Winston, _c1957. |
||
| 300 |
_a339 p. : _c21 cm. |
||
| 650 |
_aGreece _vHistory. |
||
| 942 |
_2lcc _cBK |
||
| 999 |
_c115522 _d115522 |
||